[Event "Championnat de France des Jeunes - Benja"]
[Site "LE GRAND BORNAND"]
[Date "????.??.??"]
[Round "4.9"]
[White "Sochacki, Christophe"]
[Black "Botto, Julien"]
[Result "1/2-1/2"]
[WhiteElo "2065"]
[BlackElo "1870"]
[PlyCount "186"]

1. e4 c5 2. Nf3 Nc6 3. d4 cxd4 4. Nxd4 Nf6 5. Nc3 e5 6. Ndb5 d6 7. Nd5 Nxd5 8.
exd5 Ne7 9. c4 Ng6 10. Bd3 Be7 11. O-O f5 12. f3 a6 13. Nc3 Bg5 14. Qa4+ Bd7
15. Qb4 Bxc1 16. Raxc1 Qc7 17. Rf2 O-O 18. Rfc2 b6 19. a3 Ne7 20. Re1 Rfe8 21.
Qb3 Rec8 22. Kh1 Kh8 23. a4 Qc5 24. Rcc1 Ra7 25. Qa3 a5 26. Re2 Rac7 27. Rb1
Rb8 28. b4 axb4 29. Qxb4 Qxb4 30. Rxb4 Ra7 31. Reb2 Nc8 32. Kg1 g6 33. Kf2 Rba8
34. Bc2 Kg7 35. Ke3 Kf6 36. Bd1 h5 37. g3 g5 38. f4 exf4+ 39. gxf4 g4 40. h4
Be8 41. Kf2 Re7 42. Re2 Raa7 43. Rbb2 Rxe2+ 44. Rxe2 Re7 45. Kg3 Rxe2 46. Nxe2
Bd7 47. Kf2 Ne7 48. Nd4 Nc8 49. Bc2 Ne7 50. Ne2 Nc8 51. Ng3 Kg6 52. Nf1 Kf6 53.
Ne3 Ne7 54. Kg3 Nc8 55. Kg2 Ne7 56. Nf1 Nc8 57. Ng3 Kg6 58. Kf2 Ne7 59. Ke2 Ng8
60. Ke3 Nf6 61. Kd4 Nh7 62. Kc3 Nf6 63. Kd4 Ne8 64. Kc3 Nf6 65. Kb4 Ne8 66. a5
bxa5+ 67. Kxa5 Nf6 68. Kb6 Bc8 69. Kc7 Ba6 70. Nxf5 Bxc4 71. Nxd6+ Kg7 72. Nf5+
Kf7 73. d6 Be6 74. Nd4 Nd5+ 75. Kc6 Nxf4 76. Nxe6 Nxe6 77. Bb3 g3 78. Bd5 Ke8
79. Bxe6 g2 80. Kc7 g1=Q 81. d7+ Ke7 82. d8=Q+ Kxe6 83. Qe8+ Kf6 84. Qd8+ Kf5
85. Qd5+ Kf4 86. Qf7+ Ke4 87. Qxh5 Qg7+ 88. Kd6 Qf6+ 89. Kc7 Qe5+ 90. Qxe5+
Kxe5 91. h5 Kf6 92. Kd6 Kg5 93. h6 Kxh6 1/2-1/2

[Event "Championnat de France des Jeunes - Benja"]
[Site "LE GRAND BORNAND"]
[Date "????.??.??"]
[Round "4.10"]
[White "Grignon, Maxime"]
[Black "Dionisi, Thomas"]
[Result "0-1"]
[WhiteElo "1830"]
[BlackElo "2019"]
[PlyCount "116"]

1. d4 e6 2. c4 f5 3. g3 Nf6 4. Bg2 Bb4+ 5. Nd2 O-O 6. Nh3 d6 7. a3 Bxd2+ 8.
Bxd2 Qe7 9. O-O e5 10. dxe5 dxe5 11. Bb4 c5 12. Bc3 Nc6 13. e3 Bd7 14. Qb1 a5
15. b3 h6 16. Qb2 Rae8 17. Rad1 Ne4 18. Be1 Be6 19. f3 Nf6 20. Bc3 Bf7 21. a4
Rd8 22. Nf2 Bh5 23. Nd3 e4 24. Bxf6 Qxf6 25. Qxf6 Rxf6 26. Nf4 Rxd1 27. Rxd1
Bxf3 28. Bxf3 exf3 29. Rd5 g5 30. Nh5 Re6 31. Kf2 Ne5 32. h3 Kf7 33. g4 fxg4
34. hxg4 Kg6 35. Kg3 f2 36. Rd1 Rb6 37. Kxf2 Nxg4+ 38. Kg3 Nxe3 39. Rd3 Re6 40.
Nf4+ gxf4+ 41. Kxf4 Nc2 42. Rg3+ Kf6 43. Rh3 Kf7 44. Rh5 b6 45. Rd5 Nd4 46.
Rd7+ Kf6 47. Rh7 Kg6 48. Rh8 Nxb3 49. Rg8+ Kf7 50. Rg3 Nd2 51. Rc3 Kf6 52. Rc2
Re4+ 53. Kg3 Nxc4 54. Rh2 Kg5 55. Kf3 Rd4 56. Rg2+ Kf5 57. Rh2 Ne5+ 58. Ke3
Ng4+ 0-1

[Event "Championnat de France des Jeunes - Benja"]
[Site "LE GRAND BORNAND"]
[Date "????.??.??"]
[Round "4.11"]
[White "Samoun, Florent"]
[Black "Nockels, Thomas"]
[Result "1-0"]
[WhiteElo "1987"]
[BlackElo "1843"]
[PlyCount "95"]

1. e4 e5 2. Nf3 Nc6 3. Bb5 a6 4. Ba4 b5 5. Bb3 Bc5 6. d3 h6 7. Nxe5 Nxe5 8. d4
Qh4 9. dxc5 Qxe4+ 10. Qe2 Qxe2+ 11. Kxe2 Bb7 12. f3 Ng6 13. Kf2 N8e7 14. Nc3
O-O 15. Be3 Rfe8 16. Rad1 Rad8 17. Rhe1 Nf5 18. Bd5 Bc6 19. g3 b4 20. Ne4 Kf8
21. Bxc6 dxc6 22. Rxd8 Rxd8 23. Re2 Nxe3 24. Kxe3 Ne5 25. b3 Ke7 26. Rd2 Rxd2
27. Nxd2 Ke6 28. Kd4 f5 29. f4 Ng4 30. Nf3 Kf6 31. h3 Nf2 32. Ne5 Nxh3 33. Ke3
g5 34. Nxc6 gxf4+ 35. gxf4 Ke6 36. Nxb4 a5 37. Nd3 Kd5 38. c4+ Kc6 39. a3 h5
40. b4 axb4 41. axb4 h4 42. Kf3 Ng1+ 43. Kf2 Nh3+ 44. Kg2 Nxf4+ 45. Nxf4 Kd7
46. Kh3 Ke7 47. Kxh4 c6 48. Kg5 1-0

[Event "Championnat de France des Jeunes - Benja"]
[Site "LE GRAND BORNAND"]
[Date "????.??.??"]
[Round "4.12"]
[White "Marie, Loic"]
[Black "Meley, Hector"]
[Result "1-0"]
[WhiteElo "1910"]
[BlackElo "1830"]
[PlyCount "93"]

1. d4 d5 2. Nf3 Nf6 3. c4 e6 4. Nc3 Nbd7 5. cxd5 exd5 6. Bf4 c6 7. e3 Be7 8.
Bd3 O-O 9. h3 Re8 10. Qc2 Nf8 11. O-O-O Ng6 12. Bh2 Bd6 13. g4 Bxh2 14. Rxh2
Qd6 15. Rhh1 Bd7 16. Rdg1 Re7 17. Bxg6 fxg6 18. Ne5 Rf8 19. h4 Be8 20. f4 Nd7
21. Qb3 Kh8 22. Rf1 b6 23. Qa4 Nf6 24. Qc2 Bd7 25. Qd1 Bc8 26. h5 gxh5 27. gxh5
Bf5 28. Rfg1 Nd7 29. Ng6+ Bxg6 30. hxg6 h6 31. Qg4 Qf6 32. Rh3 Rfe8 33. Kd2 Nf8
34. f5 Nd7 35. a4 a6 36. Rgh1 b5 37. axb5 axb5 38. b4 Nb6 39. Nd1 Nc4+ 40. Kd3
Nd6 41. Rh5 Rf8 42. Rf1 Re4 43. Qh3 Kg8 44. Nf2 Re7 45. Ng4 Rxe3+ 46. Qxe3 Ra8
47. Nxf6+ 1-0

[Event "Championnat de France des Jeunes - Benja"]
[Site "LE GRAND BORNAND"]
[Date "????.??.??"]
[Round "4.13"]
[White "Gallant, Aurelien"]
[Black "Langlois, Xavier"]
[Result "1-0"]
[WhiteElo "1905"]
[BlackElo "1830"]
[PlyCount "51"]

1. e4 c5 2. Nf3 e6 3. d4 cxd4 4. Nxd4 Nf6 5. Nc3 Nc6 6. Ndb5 Bb4 7. a3 Bxc3+ 8.
Nxc3 d5 9. exd5 exd5 10. Bf4 O-O 11. Bd3 d4 12. Ne2 Nd5 13. O-O Qf6 14. Qd2 Bf5
15. Bxf5 Qxf5 16. Bd6 Rfd8 17. Bg3 Rac8 18. Rac1 Nf6 19. Rfd1 Rd5 20. Qf4 Qd7
21. Qf3 Re8 22. b4 Qe6 23. Nf4 Ne5 24. Qxd5 Nxd5 25. Nxe6 fxe6 26. Bxe5 1-0

[Event "Championnat de France des Jeunes - Benja"]
[Site "LE GRAND BORNAND"]
[Date "????.??.??"]
[Round "4.14"]
[White "Lehaut, Mathieu"]
[Black "Cazottes, Guillaume"]
[Result "0-1"]
[WhiteElo "1830"]
[BlackElo "1902"]
[PlyCount "52"]

1. e4 c5 2. Nf3 d6 3. d4 cxd4 4. Qxd4 Nc6 5. Bb5 Bd7 6. Bxc6 Bxc6 7. Nc3 Nf6 8.
Bg5 h6 9. Bh4 g5 10. Bg3 Bg7 11. Qe3 Nh5 12. O-O-O Nxg3 13. hxg3 Qa5 14. Nd4
Rc8 15. Rhe1 b5 16. Kb1 b4 17. Nce2 Qe5 18. f3 d5 19. Qb3 dxe4 20. Nxc6 Rxc6
21. Nd4 Rc7 22. Rxe4 Qd6 23. c3 Rd7 24. Rde1 bxc3 25. Qxc3 O-O 26. Rd1 e5 0-1

[Event "Championnat de France des Jeunes - Benja"]
[Site "LE GRAND BORNAND"]
[Date "????.??.??"]
[Round "4.15"]
[White "Billon, Olivier"]
[Black "Ollier, Milan"]
[Result "1-0"]
[WhiteElo "1883"]
[BlackElo "1817"]
[PlyCount "95"]

1. e4 c5 2. Nf3 Nc6 3. d4 cxd4 4. Nxd4 e5 5. Nb5 d6 6. N1c3 a6 7. Na3 b5 8. Nd5
Nge7 9. c3 Nxd5 10. Qxd5 Bb7 11. Qd1 Be7 12. Bd3 O-O 13. O-O Bg5 14. Qh5 Bxc1
15. Raxc1 Ne7 16. Rcd1 Ng6 17. g3 Qb6 18. Nc2 Ne7 19. Ne3 Qc6 20. Nd5 Rae8 21.
Nxe7+ Rxe7 22. Qg5 f6 23. Qe3 f5 24. f3 f4 25. Qf2 Qe8 26. Bc2 Rf6 27. g4 g5
28. Qb6 Qg6 29. Rd2 Kg7 30. Qd8 Ref7 31. Bb3 d5 32. Bxd5 Rd6 33. Qe8 Bxd5 34.
Qxe5+ Qf6 35. Qxf6+ Kxf6 36. exd5 Rfd7 37. Rfd1 Ke5 38. Kf2 Rxd5 39. Rxd5+ Rxd5
40. Rxd5+ Kxd5 41. b3 a5 42. Ke2 b4 43. cxb4 axb4 44. Kd3 Ke5 45. Kc4 h6 46. h3
Kd6 47. Kxb4 Kd5 48. Kc3 1-0

[Event "Championnat de France des Jeunes - Benjamines"]
[Site "LE GRAND BORNAND"]
[Date ""]
[Round "4.1"]
[White "Kohi, Camilla"]
[Black "Lefevre, Margaux"]
[Result "0-1"]
[WhiteElo "1875"]
[BlackElo "1855"]
[Annotator ""]

1. e4 c5 2. c3 Nc6 3. d4 cxd4 4. cxd4 Nf6 5. Nc3 d6 6. Bc4 e6 7. f3 a6
8. Be3 b5 9. Bb3 Na5 10. d5 e5 11. Rc1 Bd7 12. a3 Rc8 13. Nge2 Nh5 14.
O-O Nxb3 15. Qxb3 g5 16. Ng3 Nf4 17. Qd1 h5 18. Nge2 f5 19. Re1 Nxe2+
20. Qxe2 f4 21. Bf2 g4 22. Rf1 Rg8 23. Be1 Qg5 24. Kh1 g3 25. Rc2 Qh4
26. h3 Bxh3 27. Bxg3 Bxg2+ 28. Kxg2 Rxg3+ 29. Kf2 Rh3+ 30. Kg1 Rh1+
31. Kg2 Qh2# 0-1

[Event "Championnat de France des Jeunes - Benja"]
[Site "LE GRAND BORNAND"]
[Date "2007.??.??"]
[Round "4.2"]
[White "Neuhauser, Salome"]
[Black "Alonso, Audrey"]
[Result "1-0"]
[WhiteElo "1866"]
[BlackElo "1770"]
[PlyCount "31"]

1. d4 Nf6 2. Bf4 d5 3. e3 Bf5 4. c4 e6 5. Qb3 b6 6. Nf3 c5 7. Nc3 cxd4 8. Nxd4
dxc4 9. Bxc4 Bg6 10. Bb5+ Nbd7 11. Bc6 Rc8 12. Bb7 Rc5 13. Na4 Ra5 14. Nc6 Nc5
15. Nxc5 Qd5 16. Rd1 1-0

[Event "Championnat de France des Jeunes - Benja"]
[Site "LE GRAND BORNAND"]
[Date "2007.??.??"]
[Round "4.3"]
[White "Thuret, Marine"]
[Black "Le Bail, Arielle"]
[Result "1-0"]
[WhiteElo "1580"]
[BlackElo "1855"]
[PlyCount "71"]

1. e4 e6 2. d3 d5 3. Nd2 c5 4. f4 Nc6 5. g3 Bd6 6. Bg2 Nge7 7. Ngf3 a6 8. O-O
b5 9. Kh1 Bb7 10. Re1 O-O 11. Nf1 Re8 12. g4 f5 13. exf5 exf5 14. g5 Qc7 15. d4
Bxf4 16. dxc5 Bxc1 17. Rxc1 Rad8 18. c3 Qf4 19. Ng3 g6 20. Ne2 Qc4 21. Nfd4 Kf7
22. Nf4 Qxa2 23. Qe2 Nxd4 24. cxd4 Nc8 25. Qd2 Qb3 26. c6 Ba8 27. Rxe8 Kxe8 28.
Qe2+ Ne7 29. Bxd5 Rxd5 30. Re1 Rd7 31. d5 Bxc6 32. dxc6 Rc7 33. Ne6 Qd5+ 34.
Kg1 Ra7 35. Qe3 Ra8 36. Nc7+ 1-0

[Event "Championnat de France des Jeunes - Benja"]
[Site "LE GRAND BORNAND"]
[Date "2007.??.??"]
[Round "4.4"]
[White "Copin, Oceane"]
[Black "Auvray, Juliette"]
[Result "0-1"]
[WhiteElo "1790"]
[BlackElo "1908"]
[PlyCount "50"]

1. e4 c6 2. c4 e6 3. Nc3 d5 4. exd5 exd5 5. cxd5 cxd5 6. d4 Nc6 7. h3 Be6 8.
Nf3 Nge7 9. Qb3 Qc7 10. Bb5 a6 11. Qa4 Rc8 12. Bxc6+ Qxc6 13. Qb3 Ng6 14. Ng5
Bd6 15. Nxe6 fxe6 16. O-O O-O 17. Re1 Bb8 18. Na4 Qc7 19. g3 Qf7 20. Qe3 e5 21.
dxe5 Nxe5 22. f4 Rce8 23. fxe5 Rxe5 24. Qd2 Ba7+ 25. Kg2 Qf3+ 0-1

[Event "Championnat de France des Jeunes - Benja"]
[Site "LE GRAND BORNAND"]
[Date "2007.??.??"]
[Round "4.5"]
[White "Guo, Charlotte"]
[Black "Saucey, Capucine"]
[Result "0-1"]
[WhiteElo "1680"]
[BlackElo "1592"]
[PlyCount "46"]

1. e4 e5 2. Nf3 Nc6 3. Bb5 a6 4. Ba4 Nf6 5. O-O Be7 6. Re1 b5 7. Bb3 O-O 8. c3
d5 9. d4 Nxe4 10. dxe5 Bg4 11. Bxd5 Bxf3 12. gxf3 Nxf2 13. Kxf2 Bh4+ 14. Kf1
Bxe1 15. Kxe1 Qh4+ 16. Kf1 Rad8 17. Qb3 Na5 18. Qd1 c6 19. Bxf7+ Rxf7 20. Qe2
Qh3+ 21. Ke1 Rxf3 22. e6 Qh4+ 23. Qf2 Qxf2# 0-1

[Event "Championnat de France des Jeunes - Benja"]
[Site "LE GRAND BORNAND"]
[Date "2007.??.??"]
[Round "4.7"]
[White "Eggenspieler, Jennifer"]
[Black "Abidi, Ines"]
[Result "1/2-1/2"]
[WhiteElo "1580"]
[BlackElo "1800"]
[PlyCount "68"]

1. d4 d5 2. c4 e6 3. Nc3 Nf6 4. Nf3 Be7 5. Bg5 Nbd7 6. e3 b6 7. Be2 Bb7 8. O-O
O-O 9. Re1 h6 10. Bh4 Re8 11. Bd3 c5 12. e4 dxe4 13. Bxf6 Nxf6 14. Nxe4 cxd4
15. Bc2 Nxe4 16. Bxe4 Bxe4 17. Rxe4 Bf6 18. Nxd4 Bxd4 19. Rxd4 Qf6 20. Qd2 Rad8
21. Rd1 Rxd4 22. Qxd4 Qxd4 23. Rxd4 Rc8 24. Kf1 Kf8 25. Ke2 Ke7 26. b3 Rc7 27.
Ke3 Kf6 28. Ke4 g5 29. f3 h5 30. h3 h4 31. a3 Ke7 32. f4 f6 33. fxg5 fxg5 34.
b4 Kf6 1/2-1/2

[Event "Championnat de France des Jeunes - Benja"]
[Site "LE GRAND BORNAND"]
[Date "2007.??.??"]
[Round "4.8"]
[White "Soubirou, Oriane"]
[Black "Berthelot, Maeva"]
[Result "1-0"]
[WhiteElo "1560"]
[BlackElo "1782"]
[PlyCount "125"]

1. e4 d5 2. exd5 Qxd5 3. Nc3 Qd6 4. d4 Nf6 5. Nf3 c6 6. Bc4 Bg4 7. O-O e6 8.
Be3 Be7 9. Be2 O-O 10. Ne5 Bxe2 11. Nxe2 Nd5 12. c4 Nxe3 13. fxe3 Nd7 14. Nxd7
Qxd7 15. c5 Rad8 16. Qa4 Ra8 17. Rad1 Rfd8 18. Qc2 h6 19. a3 Bg5 20. Nf4 Bxf4
21. Rxf4 e5 22. Rf3 exd4 23. exd4 Qe6 24. Qb3 Qxb3 25. Rxb3 Rab8 26. Rbd3 Rd5
27. a4 Rbd8 28. a5 b6 29. axb6 axb6 30. b4 b5 31. Kf2 Ra8 32. R1d2 Ra1 33. Rd1
Ra4 34. Rb1 Ra2+ 35. Kg1 Rc2 36. Ra1 Rd8 37. Ra6 Re8 38. Kf1 Ree2 39. Rxc6 Rf2+
40. Kg1 Rxg2+ 41. Kf1 Rxh2 42. Kg1 Rhg2+ 43. Kf1 Rcf2+ 44. Ke1 Rh2 45. Rh3 Rxh3
46. Kxf2 Rb3 47. d5 Rxb4 48. d6 Rd4 49. Ke3 Rd5 50. Ke4 Rd1 51. Rb6 h5 52. Rb7
h4 53. Rxb5 h3 54. Rb2 Re1+ 55. Kd5 Kf8 56. Rh2 Re3 57. Kc6 Ke8 58. Kc7 Rd3 59.
Rxh3 Rxh3 60. d7+ Ke7 61. d8=Q+ Ke6 62. Qd7+ Ke5 63. Qxh3 1-0

[Event "Championnat de France des Jeunes - Benja"]
[Site "LE GRAND BORNAND"]
[Date "2007.??.??"]
[Round "4.9"]
[White "Bellotti, Charlotte"]
[Black "Mencacci, Tiphanie"]
[Result "1-0"]
[WhiteElo "1720"]
[BlackElo "1563"]
[PlyCount "97"]

1. c4 Nf6 2. Nc3 e6 3. g3 d5 4. cxd5 exd5 5. d4 Nbd7 6. Bg2 c6 7. Nf3 Be7 8.
O-O O-O 9. Bd2 Re8 10. Qc2 Bf8 11. Rfc1 Qb6 12. e3 Qc7 13. a3 Nb6 14. Be1 Bg4
15. Ne5 Qd6 16. Na4 Nbd7 17. Bb4 Qc7 18. Nxd7 Qxd7 19. Bxf8 Rxf8 20. Nc5 Qc8
21. b4 Re8 22. a4 a6 23. a5 Bf5 24. Qb2 Nd7 25. Bf1 Nxc5 26. bxc5 Be4 27. Bg2
Bf5 28. Rc3 Be4 29. Bxe4 Rxe4 30. Rb1 Re7 31. Rb3 Rb8 32. Rb6 Qc7 33. Qb4 Qc8
34. Rxa6 Ra8 35. Rb6 Ra7 36. a6 Rxa6 37. Rxb7 Rxb7 38. Qxb7 Qxb7 39. Rxb7 g6
40. Rb6 Ra8 41. Rxc6 Rd8 42. Kg2 Kf8 43. Rc7 Ke8 44. Kf3 Ra8 45. Rc6 Ke7 46.
Rd6 Rd8 47. Rxd8 Kxd8 48. e4 dxe4+ 49. Kxe4 1-0

[Event "Championnat de France des Jeunes - Benja"]
[Site "LE GRAND BORNAND"]
[Date "2007.??.??"]
[Round "4.10"]
[White "Seelen, Amandine"]
[Black "Armas, Lena"]
[Result "0-1"]
[WhiteElo "1510"]
[BlackElo "1697"]
[PlyCount "68"]

1. d4 d5 2. Nf3 Nf6 3. Bf4 e6 4. e3 c5 5. c3 Be7 6. Nbd2 O-O 7. Qc2 Nc6 8. Be2
Bd7 9. O-O Rc8 10. Rac1 Nh5 11. Qb1 Nxf4 12. exf4 h6 13. Bd3 Qc7 14. Ne5 cxd4
15. cxd4 Bb4 16. Ndf3 Qd6 17. a3 Ba5 18. b4 Bb6 19. Rfd1 Nxd4 20. Bh7+ Kh8 21.
Nxf7+ Rxf7 22. Rxc8+ Bxc8 23. Nxd4 Rxf4 24. Nf3 e5 25. Qc2 Bd7 26. Qd3 Be6 27.
Be4 Bxf2+ 28. Kf1 Bd4 29. Bg6 Bg4 30. Rc1 Bb6 31. h3 Bd7 32. Re1 a6 33. Rc1 Bb5
34. Rc8+ Rf8 0-1

[Event "Championnat de France des Jeunes - Benja"]
[Site "LE GRAND BORNAND"]
[Date "2007.??.??"]
[Round "4.11"]
[White "Vernerey, Lea"]
[Black "Llacer, Cassandra"]
[Result "0-1"]
[WhiteElo "1530"]
[BlackElo "1660"]
[PlyCount "52"]

1. d4 d5 2. Nf3 Nc6 3. e3 Bg4 4. Bd3 e6 5. Nbd2 Bd6 6. O-O Nf6 7. a3 O-O 8. c4
e5 9. cxd5 Nxd5 10. Nb3 exd4 11. exd4 Re8 12. Bxh7+ Kxh7 13. Ng5+ Qxg5 14. Bxg5
Bxd1 15. Raxd1 f6 16. Bd2 Rad8 17. Rfe1 Bf4 18. Bxf4 Nxf4 19. Rxe8 Rxe8 20. h3
Re2 21. d5 Ne5 22. d6 cxd6 23. Rxd6 Nfd3 24. f3 Rxb2 25. Nd4 Nc4 26. Ne6 Nxd6
0-1

[Event "Championnat de France des Jeunes - Benja"]
[Site "LE GRAND BORNAND"]
[Date "2007.??.??"]
[Round "4.12"]
[White "Ranc, Candice"]
[Black "Lenoel, Marine"]
[Result "0-1"]
[WhiteElo "1490"]
[BlackElo "1630"]
[PlyCount "64"]

1. e4 e5 2. Nf3 Nc6 3. d4 exd4 4. Bc4 Be7 5. Nxd4 d6 6. Nxc6 bxc6 7. Qh5 g6 8.
Qf3 Nf6 9. Nc3 O-O 10. O-O Rb8 11. b3 Bd7 12. Bb2 Ng4 13. Rfe1 Ne5 14. Qe2 Nxc4
15. Qxc4 Bf6 16. f4 Re8 17. Kh1 Bg7 18. Bc1 d5 19. Qd3 dxe4 20. Rxe4 Rxe4 21.
Qxe4 Bxc3 22. Rb1 Qe8 23. Qxe8+ Rxe8 24. Ba3 Re1+ 25. Rxe1 Bxe1 26. g3 Bf5 27.
c4 Bb1 28. Bc5 a6 29. a3 Ba2 30. b4 Bxc4 31. Kg2 f5 32. Kf3 Bc3 0-1

[Event "Championnat de France des Jeunes - Benja"]
[Site "LE GRAND BORNAND"]
[Date "2007.??.??"]
[Round "4.13"]
[White "Uhl, Sarah"]
[Black "Goubert, Caroline"]
[Result "1/2-1/2"]
[WhiteElo "1630"]
[BlackElo "1540"]
[PlyCount "145"]

1. e4 e5 2. Nf3 Nc6 3. Bc4 Bc5 4. c3 Nf6 5. d4 exd4 6. cxd4 Bb6 7. Nc3 d6 8. h3
h6 9. O-O O-O 10. Bb3 Re8 11. Re1 Bd7 12. Bf4 Ne7 13. Qd2 Ng6 14. Rad1 Be6 15.
d5 Bd7 16. e5 dxe5 17. Bxe5 Bf5 18. Ba4 Re7 19. Bb3 a6 20. Qc1 Nxe5 21. Nxe5
Bc5 22. a3 Bd6 23. Nf3 Be4 24. Nxe4 Nxe4 25. Bc2 Nf6 26. Rxe7 Bxe7 27. Qd2 Bd6
28. Kh1 Qd7 29. Bb3 Ne4 30. Qc2 Re8 31. Kg1 Bc5 32. Nd4 Qd6 33. f3 Ng5 34. Kf1
Bxd4 35. Rxd4 Qe5 36. Rd1 Nh7 37. Qd2 Nf6 38. Re1 Qg3 39. Rxe8+ Nxe8 40. Qe1
Qxe1+ 41. Kxe1 Nd6 42. Kf2 f5 43. Ke3 Kf7 44. g4 fxg4 45. hxg4 Kf6 46. Kd4 b6
47. Ba2 a5 48. Bb3 g6 49. Bc2 h5 50. gxh5 gxh5 51. Bd3 h4 52. Bf1 Nf5+ 53. Kd3
Ke5 54. Bh3 Ne7 55. Ke2 Nxd5 56. Kf2 Kd4 57. Kg2 Nf4+ 58. Kh2 Nxh3 59. Kxh3 Ke3
60. Kxh4 Kxf3 61. Kg5 Ke4 62. Kf6 Kd5 63. Ke7 b5 64. Kd7 c6 65. Kc7 a4 66. Kb6
Kd6 67. Ka6 Kd5 68. Kb6 Kd6 69. Ka6 Kc5 70. Ka5 Kc4 71. Kb6 b4 72. axb4 Kxb4
73. Kxc6 1/2-1/2

[Event "Championnat de France des Jeunes - Benja"]
[Site "LE GRAND BORNAND"]
[Date "2007.??.??"]
[Round "4.14"]
[White "Daif, Sarah"]
[Black "Benac, Anais"]
[Result "0-1"]
[WhiteElo "1620"]
[BlackElo "1520"]
[PlyCount "52"]

1. d4 d5 2. c4 e6 3. Nc3 Nf6 4. cxd5 exd5 5. Bg5 Nbd7 6. e3 Be7 7. Bxf6 Nxf6 8.
Nf3 O-O 9. Bd3 c6 10. O-O g6 11. h3 Re8 12. Qe2 Bd6 13. Rfc1 Ne4 14. Nd2 Nxd2
15. Qxd2 Qg5 16. Kh1 Qh4 17. Kg1 Re6 18. Qe2 Bd7 19. Na4 Rf6 20. Nc5 Bxh3 21.
gxh3 Qxh3 22. Qc2 Bh2+ 23. Kh1 Bg3+ 24. Kg1 Qh2+ 25. Kf1 Rxf2+ 26. Qxf2 Qxf2#
0-1

[Event "Championnat de France des Jeunes - Benja"]
[Site "LE GRAND BORNAND"]
[Date "2007.??.??"]
[Round "4.15"]
[White "Bertin, Cecile"]
[Black "Lamberti, Carla"]
[Result "1-0"]
[WhiteElo "1590"]
[BlackElo "1500"]
[PlyCount "113"]

1. e4 e5 2. Nf3 Nc6 3. Nc3 Nf6 4. d4 Bd6 5. Bb5 O-O 6. Bxc6 dxc6 7. dxe5 Bxe5
8. Nxe5 Qxd1+ 9. Nxd1 Nxe4 10. O-O Re8 11. Nd3 Nd6 12. Nc3 Bf5 13. Bf4 Bxd3 14.
cxd3 h6 15. Rfe1 Rad8 16. Bxd6 cxd6 17. Rxe8+ Rxe8 18. Ne4 Re6 19. h3 g6 20.
Kh2 f5 21. Nc3 d5 22. Na4 b6 23. g4 fxg4 24. hxg4 Re5 25. Rc1 Re6 26. d4 Re4
27. Rxc6 Rxd4 28. Rc8+ Kg7 29. Rc7+ Kf8 30. Rxa7 Rxg4 31. Nxb6 Rb4 32. Nxd5
Rxb2 33. Kg3 h5 34. a4 Rb3+ 35. f3 Ra3 36. Nf4 Ke8 37. a5 Kd8 38. a6 Kc8 39.
Ra8+ Kd7 40. Nd5 g5 41. Nb6+ Kc6 42. Nc8 g4 43. a7 gxf3 44. Ne7+ Kd7 45. Nd5
h4+ 46. Kxh4 f2 47. Ne3 Ra2 48. Rf8 Ra4+ 49. Kg3 f1=Q 50. Rxf1 Ra3 51. Kg2 Ra2+
52. Kh3 Ke7 53. Nd5+ Kd6 54. Nb6 Ra3+ 55. Kg4 Ra2 56. a8=Q Rxa8 57. Nxa8 1-0

[Event "Championnat de France des Jeunes - Pupilles"]
[Site "LE GRAND BORNAND"]
[Date ""]
[Round "4.1"]
[White "Leriche, Luc"]
[Black "Loiseau, Quentin"]
[Result "0-1"]
[WhiteElo "1780"]
[BlackElo "2010"]
[Annotator ""]

1. e4 c5 2. Nf3 Nc6 3. Nc3 Nf6 4. d4 cxd4 5. Nxd4 e5 6. Ndb5 d6 7. Bg5
a6 8. Na3 b5 9. Nd5 Qa5+ 10. Bd2 Qd8 11. Bg5 Be7 12. Bxf6 Bxf6 13. c3
Rb8 14. Nc2 Bg5 15. Be2 O-O 16. O-O f5 17. exf5 Bxf5 18. Bg4 Kh8 19.
Bxf5 Rxf5 20. Qg4 g6 21. Nce3 h5 22. Qh3 Rf7 23. Qe6 Kg7 24. Rad1 Qf8
25. Qh3 b4 26. Nc4 bxc3 27. bxc3 Na7 28. Qe6 Nb5 29. a4 Re8 30. Qh3
Na7 31. Ndb6 Rd8 32. Nd5 Nc6 33. Rd3 Ne7 34. Nc7 Rf6 35. Ne6+ Rxe6 36.
Qxe6 Nf5 37. Rfd1 Re8 38. Qd7+ Re7 39. Qc6 e4 40. Rd5 e3 41. fxe3 Nxe3
42. Rxd6 Nxd1 43. Rxd1 Bh4 44. g3 Re2 45. Qd7+ Kh6 46. Qd4 Bg5 47. Rf1
Qa8 48. Rf2 Re1+ 49. Rf1 Re4 50. Qc5 Qg8 51. Rf8 Rxc4 52. Qxg5+ Kxg5
53. Rxg8 Rc6 54. Kf2 Kf5 55. Kf3 Ke5 56. Ke3 Rf6 0-1

[Event "Championnat de France des Jeunes - Pupil"]
[Site "LE GRAND BORNAND"]
[Date "????.??.??"]
[Round "4.2"]
[White "Martin, Damien"]
[Black "Cabanes, Kim"]
[Result "0-1"]
[WhiteElo "1770"]
[BlackElo "1903"]
[PlyCount "38"]

1. e4 c6 2. d4 d5 3. exd5 cxd5 4. Bd3 Nc6 5. c3 Nf6 6. h3 e6 7. Nf3 Bd6 8. O-O
O-O 9. Re1 Qc7 10. Nbd2 Rb8 11. Nf1 b5 12. Qe2 b4 13. Ne5 bxc3 14. bxc3 Bb7 15.
Rb1 Rfc8 16. Bd2 Bf8 17. Bf4 Bd6 18. Bd2 Bxe5 19. dxe5 Nd7 0-1

[Event "Championnat de France des Jeunes - Pupil"]
[Site "LE GRAND BORNAND"]
[Date "????.??.??"]
[Round "4.3"]
[White "Gros, Alexandre"]
[Black "Paci, Nicolas"]
[Result "1/2-1/2"]
[WhiteElo "1742"]
[BlackElo "1840"]
[PlyCount "76"]

1. e4 c5 2. c3 d6 3. d4 Nf6 4. Bd3 e5 5. dxe5 dxe5 6. Nf3 Nc6 7. O-O Be7 8. Qc2
O-O 9. Nbd2 a6 10. Nc4 Qc7 11. Ne3 Be6 12. Ng5 b5 13. Nxe6 fxe6 14. Be2 Rad8
15. Ng4 c4 16. Nxf6+ Bxf6 17. Be3 Na5 18. Rfd1 Nb7 19. Bg4 Qc6 20. h3 Rfe8 21.
a4 Be7 22. axb5 axb5 23. Ra7 Bc5 24. Rxb7 Rxd1+ 25. Qxd1 Bxe3 26. Qd7 Qxd7 27.
Rxd7 Bc1 28. Rb7 Bxb2 29. Rxb5 Bxc3 30. Rc5 Bd4 31. Rxc4 Kf7 32. Kf1 g6 33.
Rc7+ Re7 34. Rxe7+ Kxe7 35. Bd1 Kf6 36. Bb3 g5 37. Ke2 h5 38. f3 h4 1/2-1/2

[Event "Championnat de France des Jeunes - Pupil"]
[Site "LE GRAND BORNAND"]
[Date "????.??.??"]
[Round "4.4"]
[White "Chen, Tony"]
[Black "Barbot, Pierre"]
[Result "0-1"]
[WhiteElo "1730"]
[BlackElo "1781"]
[PlyCount "82"]

1. e4 c5 2. Nc3 Nc6 3. g3 g6 4. Bg2 Bg7 5. d3 d6 6. Be3 e6 7. Qd2 Rb8 8. Nge2
Nd4 9. O-O Ne7 10. Bxd4 cxd4 11. Nb5 Nc6 12. c3 dxc3 13. Nbxc3 O-O 14. Rab1 b5
15. b4 Qb6 16. Rfc1 Bb7 17. a3 Rfc8 18. Qf4 Ne5 19. Qd2 a6 20. h3 Rc7 21. Kf1
Rbc8 22. Rb3 Nc6 23. Rbb1 Ne7 24. Na2 d5 25. Rxc7 Rxc7 26. Rc1 Rxc1+ 27. Naxc1
Qc7 28. Nb3 Ba8 29. g4 Qd6 30. Qe3 dxe4 31. Bxe4 Bxe4 32. dxe4 Bb2 33. Nbd4 Nc6
34. Nxc6 Qxc6 35. Qd3 Qc4 36. Qd8+ Kg7 37. g5 Qxe4 38. Ng3 Qc4+ 39. Kg1 Qd5 40.
Qc8 Qxg5 41. Qxa6 Bd4 0-1

[Event "Championnat de France des Jeunes - Pupil"]
[Site "LE GRAND BORNAND"]
[Date "????.??.??"]
[Round "4.5"]
[White "Thon, Gabriel"]
[Black "Jeannesson, Etienne"]
[Result "1-0"]
[WhiteElo "1875"]
[BlackElo "1690"]
[PlyCount "92"]

1. e4 c5 2. Nf3 g6 3. d4 cxd4 4. Nxd4 Bg7 5. Nc3 Nc6 6. Be3 Nf6 7. Nxc6 bxc6 8.
e5 Ng8 9. Bd4 Nh6 10. e6 O-O 11. Bxg7 Kxg7 12. Qd4+ Kg8 13. exd7 Qxd7 14. Qxd7
Bxd7 15. Bd3 Nf5 16. O-O-O Rfd8 17. Be4 Rac8 18. Rhe1 Kf8 19. Rd2 Nd6 20. Bf3
Nb5 21. Nxb5 cxb5 22. Red1 Ke8 23. Bb7 Rb8 24. Rxd7 Rxd7 25. Bc6 Rbb7 26. Rxd7
Rxd7 27. Bxb5 e5 28. Bxd7+ Kxd7 29. c4 Ke6 30. b4 f5 31. Kd2 g5 32. Ke3 h5 33.
g3 Kd6 34. a4 Kc6 35. a5 a6 36. Kd3 Kc7 37. b5 axb5 38. cxb5 Kb7 39. a6+ Kb6
40. Kc4 f4 41. Kd5 h4 42. Kxe5 hxg3 43. hxg3 fxg3 44. fxg3 Ka7 45. Kf5 g4 46.
Kxg4 Kb6 1-0

[Event "Championnat de France des Jeunes - Pupil"]
[Site "LE GRAND BORNAND"]
[Date "????.??.??"]
[Round "4.6"]
[White "Valente, Alexandre"]
[Black "Messinger, Karl"]
[Result "1-0"]
[WhiteElo "1840"]
[BlackElo "1630"]
[PlyCount "57"]

1. e4 c5 2. Nf3 Nc6 3. d4 cxd4 4. Nxd4 g6 5. Nc3 Bg7 6. Be3 Nf6 7. Bc4 O-O 8.
Bb3 d6 9. f3 Bd7 10. Qd2 a6 11. O-O-O Rc8 12. Kb1 Nxd4 13. Bxd4 b5 14. g4 a5
15. a4 b4 16. Ne2 Qe8 17. h4 Bxa4 18. Bxa4 Qxa4 19. h5 b3 20. cxb3 Qxb3 21.
hxg6 fxg6 22. g5 Nh5 23. Bxg7 Kxg7 24. Nd4 Qf7 25. Qxa5 e5 26. Nb5 Ra8 27. Qc7
Qxc7 28. Nxc7 Ng3 29. Rh3 1-0